[Event "Mittelfrank Regionalliga Nord-West 2223"]
[Site "Mittelfranken"]
[Date "2022.10.09"]
[Round "1.7"]
[White "Wilfert, Andre"]
[Black "Gies, Hans Joerg"]
[Result "1-0"]
[WhiteElo "2030"]
[BlackElo "1750"]
[PlyCount "71"]
[EventDate "2022.10.09"]
[EventType "team-tourn"]
[EventRounds "9"]
[EventCountry "GER"]
[SourceTitle "EXT 2024"]
[Source "ChessBase"]
[SourceDate "2023.10.10"]
[SourceVersion "1"]
[SourceVersionDate "2023.10.10"]
[SourceQuality "1"]
[WhiteTeam "Marktleuthen"]
[BlackTeam "Klingenberg"]
[WhiteTeamCountry "GER"]
[BlackTeamCountry "GER"]

1. e4 c5 2. Nc3 d6 3. g3 Nf6 4. Bg2 g6 5. Nge2 Bg7 6. d3 Nc6 7. 0-0 0-0 8. f4 e6 9. h3 Rb8 10. g4 Bd7 11. Ng3 b5 12. f5 h6 13. Bf4 Ne5 14. g5 hxg5 15. Bxg5 Bc6 16. Qd2 Qb6 17. Kh2 b4 18. Nce2 exf5 19. Nxf5 gxf5 20. Rxf5 Nh7 21. Bh6 Ng6 22. Ng3 Bxb2 23. Raf1 Rb7 24. Nh5 Be5+ 25. Rxe5 Nxe5 26. Bxf8 Kxf8 27. Qh6+ Ke7 28. Qxh7 Kd8 29. Qh8+ Kc7 30. Qf8 Bd7 31. Nf6 Qb5 32. Nd5+ Kc6 33. Rf6 Be6 34. Rxe6 fxe6 35. Qc8+ Rc7 36. Qxc7# 1-0

[Event "Mittelfrank Regionalliga Nord-West 2122"]
[Site "Mittelfranken"]
[Date "2022.06.26"]
[Round "3.2"]
[White "Stauch, Edgar"]
[Black "Wilfert, Andre"]
[Result "1/2-1/2"]
[WhiteElo "2051"]
[BlackElo "1992"]
[PlyCount "47"]
[EventDate "2021.10.24"]
[EventType "team-tourn"]
[EventRounds "9"]
[EventCountry "GER"]
[SourceTitle "EXT 2024"]
[Source "ChessBase"]
[SourceDate "2023.10.10"]
[SourceVersion "1"]
[SourceVersionDate "2023.10.10"]
[SourceQuality "1"]
[WhiteTeam "Kronach"]
[BlackTeam "Marktleuthen"]
[WhiteTeamCountry "GER"]
[BlackTeamCountry "GER"]

1. d4 Nf6 2. c4 e6 3. Nc3 Bb4 4. Qc2 d5 5. cxd5 exd5 6. a3 Bxc3+ 7. bxc3 Ne4 8. e3 0-0 9. Nf3 c5 10. Bd3 Re8 11. 0-0 Nd7 12. c4 Ndf6 13. Bb2 dxc4 14. Bxc4 cxd4 15. Bxd4 h6 16. Qb2 b6 17. Ne5 Nd6 18. Be2 Bb7 19. Rac1 Nf5 20. Rfd1 Nxd4 21. Rxd4 Qe7 22. Nc6 Bxc6 23. Rxc6 Rac8 24. Rdc4 1/2-1/2

[Event "Mittelfrank Regionalliga Nord-West 2122"]
[Site "Mittelfranken"]
[Date "2022.03.13"]
[Round "6.2"]
[White "Wilfert, Andre"]
[Black "Kannenberg, Karl Heinz"]
[Result "0-1"]
[WhiteElo "1992"]
[BlackElo "2075"]
[PlyCount "106"]
[EventDate "2021.10.24"]
[EventType "team-tourn"]
[EventRounds "9"]
[EventCountry "GER"]
[SourceTitle "EXT 2024"]
[Source "ChessBase"]
[SourceDate "2023.10.10"]
[SourceVersion "1"]
[SourceVersionDate "2023.10.10"]
[SourceQuality "1"]
[WhiteTeam "Marktleuthen"]
[BlackTeam "Kitzingen"]
[WhiteTeamCountry "GER"]
[BlackTeamCountry "GER"]

1. e4 c6 2. d4 d5 3. Nc3 dxe4 4. Nxe4 Nf6 5. Ng3 g6 6. Nf3 Bg7 7. c3 0-0 8. Bd3 Bg4 9. h3 Bxf3 10. Qxf3 Nbd7 11. 0-0 e5 12. Bg5 exd4 13. cxd4 Qa5 14. Bf4 Nd5 15. Bd6 Rfe8 16. Bc4 Re6 17. b4 Qd8 18. Bf4 N7b6 19. Bb3 Qf6 20. Bd2 Qxf3 21. gxf3 Bxd4 22. Rad1 f5 23. a4 Rd8 24. a5 Na8 25. Bg5 Bf6 26. Bxf6 Rxf6 27. Ne4 fxe4 28. fxe4 Nac7 29. exd5 Nxd5 30. Bxd5+ Rxd5 31. Rxd5 cxd5 32. Rc1 Rc6 33. Rd1 Rd6 34. Rc1 Rd7 35. Kf1 Kf7 36. a6 Ke6 37. Ke2 Kd6 38. axb7 Rxb7 39. Ra1 Ke5 40. Kf3 Kd4 41. Rd1+ Kc4 42. Rc1+ Kb3 43. Rd1 Rd7 44. b5 Kc2 45. Rd4 Kc3 46. Ra4 d4 47. Ke2 Rf7 48. Ra6 Rb7 49. Rc6+ Kb4 50. Kd3 Kxb5 51. Rd6 Kc5 52. Rxd4 Rb3+ 53. Ke4 Rb4 0-1

[Event "Regionalliga Nord-West 1819"]
[Site "Bayern"]
[Date "2019.04.07"]
[Round "9.1"]
[White "Feldheim, Jonas"]
[Black "Wilfert, Andre"]
[Result "1-0"]
[WhiteElo "2131"]
[BlackElo "2017"]
[PlyCount "95"]
[EventDate "2018.10.21"]
[EventType "team-tourn"]
[EventRounds "9"]
[EventCountry "GER"]
[SourceTitle "EXT 2022"]
[Source "ChessBase"]
[SourceDate "2021.10.06"]
[SourceVersion "1"]
[SourceVersionDate "2021.10.06"]
[SourceQuality "1"]
[WhiteTeam "Stetten"]
[BlackTeam "Marktleuthen"]
[WhiteTeamCountry "GER"]
[BlackTeamCountry "GER"]

1. e4 c5 2. Nf3 e6 3. d4 cxd4 4. Nxd4 a6 5. Bd3 Nc6 6. Nxc6 dxc6 7. 0-0 e5 8. Nd2 Nf6 9. Nc4 Qc7 10. Be3 b5 11. Nb6 Rb8 12. Nxc8 Qxc8 13. a4 Be7 14. axb5 axb5 15. Qd2 0-0 16. Ra7 Rb7 17. Rfa1 c5 18. Qe2 Qb8 19. Rxb7 Qxb7 20. f3 Ra8 21. Rxa8+ Qxa8 22. b3 Qa1+ 23. Qf1 Qxf1+ 24. Kxf1 b4 25. Bb5 Kf8 26. Ke2 Ne8 27. Kd3 Nc7 28. Bd7 Na8 29. Bc6 Nc7 30. Bd7 Na8 31. f4 f6 32. Bc6 Nb6 33. fxe5 fxe5 34. c3 bxc3 35. b4 c2 36. Kxc2 Nc4 37. Bxc5 Bxc5 38. bxc5 Ne3+ 39. Kd3 Nxg2 40. Kc4 Nf4 41. Kb5 Ke7 42. Kb6 Kd8 43. Bd5 Ng6 44. Kb7 Ne7 45. Be6 g5 46. c6 h5 47. c7+ Ke8 48. h3 1-0

[Event "Regionalliga Nord-West 1819"]
[Site "Bayern"]
[Date "2019.01.20"]
[Round "5.1"]
[White "Bucur, Oliver"]
[Black "Wilfert, Andre"]
[Result "1-0"]
[WhiteElo "2232"]
[BlackElo "2017"]
[PlyCount "131"]
[EventDate "2018.10.21"]
[EventType "team-tourn"]
[EventRounds "9"]
[EventCountry "GER"]
[SourceTitle "EXT 2022"]
[Source "ChessBase"]
[SourceDate "2021.10.06"]
[SourceVersion "1"]
[SourceVersionDate "2021.10.06"]
[SourceQuality "1"]
[WhiteTeam "Bad Neustadt"]
[BlackTeam "Marktleuthen"]
[WhiteTeamCountry "GER"]
[BlackTeamCountry "GER"]

1. c4 Nf6 2. g3 c6 3. Nf3 d5 4. Bg2 g6 5. b3 Bg7 6. Bb2 0-0 7. 0-0 Bg4 8. d3 Nbd7 9. Nbd2 Re8 10. h3 Bxf3 11. Nxf3 e5 12. cxd5 Nxd5 13. Nd2 N7f6 14. a3 a5 15. Qc2 Qd7 16. Nc4 Qc7 17. Rfd1 Nb6 18. b4 axb4 19. axb4 Nfd5 20. Qb3 Nxc4 21. Qxc4 Qb6 22. Bxd5 cxd5 23. Qxd5 Qxb4 24. Rxa8 Rxa8 25. Bxe5 Qa4 26. Ra1 Qe8 27. Rxa8 Qxa8 28. Bc7 Qa6 29. Ba5 h5 30. g4 hxg4 31. hxg4 b5 32. Bb4 Qa4 33. Qd8+ Kh7 34. Qe7 Qa1+ 35. Kg2 Qd4 36. Qe4 Qd7 37. f3 Bf6 38. Bc5 Kg7 39. Bb4 Qa7 40. f4 Bd4 41. Qe8 Bg1 42. Qe5+ Kh7 43. Be1 b4 44. Qb5 Be3 45. Qxb4 Qa8+ 46. Kg3 Qh1 47. Bf2 Bxf2+ 48. Kxf2 Qh2+ 49. Ke3 Qg3+ 50. Kd2 Qxg4 51. Qe4 Qd7 52. Qe5 Qa4 53. f5 Qb4+ 54. Ke3 Qb6+ 55. d4 Qb3+ 56. Kf2 Qh3 57. fxg6+ fxg6 58. Qe7+ Kg8 59. Qe4 Kg7 60. Qe5+ Kg8 61. d5 Kf7 62. Qf4+ Ke8 63. Qe3+ Qxe3+ 64. Kxe3 Kd7 65. Kf4 Kd6 66. e4 1-0

[Event "Regionalliga Nord-West 1819"]
[Site "Bayern"]
[Date "2018.10.21"]
[Round "1.1"]
[White "Wilfert, Andre"]
[Black "Eichenauer, Pascal"]
[Result "1-0"]
[WhiteElo "2017"]
[BlackElo "1774"]
[PlyCount "120"]
[EventDate "2018.10.21"]
[EventType "team-tourn"]
[EventRounds "9"]
[EventCountry "GER"]
[SourceTitle "EXT 2022"]
[Source "ChessBase"]
[SourceDate "2021.10.06"]
[SourceVersion "1"]
[SourceVersionDate "2021.10.06"]
[SourceQuality "1"]
[WhiteTeam "Marktleuthen"]
[BlackTeam "Wuerzburg II"]
[WhiteTeamCountry "GER"]
[BlackTeamCountry "GER"]

1. c4 e5 2. g3 Nf6 3. Bg2 d5 4. cxd5 Nxd5 5. Nc3 Nb6 6. d3 Be7 7. Nf3 Nc6 8. 0-0 0-0 9. a3 Be6 10. b4 Nd4 11. Bb2 Nxf3+ 12. Bxf3 c6 13. b5 cxb5 14. Nxb5 Bd5 15. Bxd5 Nxd5 16. Bxe5 Bf6 17. Bxf6 Qxf6 18. Qb3 Rfd8 19. Rac1 Qb6 20. Rc4 a6 21. Nd4 Qxb3 22. Nxb3 b5 23. Rc5 Kf8 24. Rfc1 Ke7 25. Nd4 Rd7 26. Nf5+ Kf6 27. e4 Ne7 28. Rc6+ Nxc6 29. Rxc6+ Kg5 30. f4+ Kg4 31. Kg2 f6 32. Nxg7 Rxg7 33. Rc5 Rg5 34. fxg5 fxg5 35. Rc6 Kh5 36. h3 g4 37. Rc5+ Kg6 38. hxg4 Rd8 39. Rc3 Kg5 40. Kh3 Rd6 41. Rc5+ Kg6 42. Kh4 Rxd3 43. Rc6+ Kf7 44. Rxa6 Re3 45. Kg5 Rxe4 46. Ra7+ Kg8 47. Kf6 Re8 48. Rb7 Ra8 49. Rb6 Rf8+ 50. Kg5 Ra8 51. Kh6 Rxa3 52. Rb8+ Kf7 53. Rb7+ Kf8 54. g5 Ra6+ 55. Kxh7 Ra1 56. Rxb5 Re1 57. Rf5+ Ke7 58. Rf3 Rh1+ 59. Kg7 Rh3 60. Re3+ Kd6 1-0

[Event "Regionalliga Nord-West 1718"]
[Site "Bayern"]
[Date "2018.04.15"]
[Round "9.3"]
[White "Kraich, Klaus"]
[Black "Wilfert, Andre"]
[Result "1-0"]
[WhiteElo "2127"]
[BlackElo "2067"]
[PlyCount "85"]
[EventDate "2017.10.22"]
[EventType "team-tourn"]
[EventRounds "9"]
[EventCountry "GER"]
[SourceTitle "EXT 2022"]
[Source "ChessBase"]
[SourceDate "2021.10.06"]
[SourceVersion "1"]
[SourceVersionDate "2021.10.06"]
[SourceQuality "1"]
[WhiteTeam "Klingenberg"]
[BlackTeam "Marktleuthen"]
[WhiteTeamCountry "GER"]
[BlackTeamCountry "GER"]

1. e4 c5 2. Nf3 e6 3. d4 cxd4 4. Nxd4 a6 5. Bd3 Qc7 6. 0-0 Nf6 7. Qe2 d6 8. c4 Be7 9. b3 Nc6 10. Bb2 e5 11. Nc2 Be6 12. Nc3 0-0 13. Nd5 Qd8 14. Nce3 Nd7 15. Rad1 Nc5 16. Bc2 Bxd5 17. exd5 Nb8 18. f4 e4 19. b4 Nd3 20. Bxg7 Kxg7 21. Nf5+ Kh8 22. Qxe4 Nxb4 23. Bb1 Nd7 24. Nxe7 Nf6 25. Qf5 Qxe7 26. Rde1 Qd8 27. Rf3 Rg8 28. a3 Rg6 29. Qh3 Rg7 30. Qf5 Qb6+ 31. Kh1 Ng4 32. h3 Nf2+ 33. Kh2 Rag8 34. Rg3 Nbd3 35. Rxg7 Kxg7 36. Re7 Rf8 37. Bxd3 Nxd3 38. Qxd3 Qb2 39. a4 Qf6 40. Qg3+ Kh8 41. Rxb7 Rg8 42. Qf2 Qc3 43. Rxf7 1-0

[Event "Oberfranken-ch"]
[Site "Schney"]
[Date "2018.01.06"]
[Round "7.2"]
[White "Wilfert, Andre"]
[Black "Wunder, Horst"]
[Result "1-0"]
[WhiteElo "2086"]
[BlackElo "2115"]
[PlyCount "63"]
[EventDate "2018.01.03"]
[EventType "swiss"]
[EventRounds "7"]
[EventCountry "GER"]
[SourceTitle "EXT 2022"]
[Source "ChessBase"]
[SourceDate "2021.10.06"]
[SourceVersion "1"]
[SourceVersionDate "2021.10.06"]
[SourceQuality "1"]

1. d4 b6 2. e4 e6 3. Nf3 Bb7 4. Bd3 Nf6 5. Nbd2 c5 6. c3 d6 7. 0-0 Be7 8. Qe2 Nbd7 9. e5 dxe5 10. dxe5 Nd5 11. Ne4 Qc7 12. Ng3 a6 13. a3 b5 14. Re1 c4 15. Bc2 Nc5 16. Nd4 h5 17. Nxh5 0-0-0 18. Ng3 Rh4 19. a4 Qb6 20. axb5 axb5 21. Nf3 Nf4 22. Bxf4 Rxf4 23. Qe3 g5 24. Ne2 Rg4 25. h3 Rh4 26. Nxh4 gxh4 27. Nd4 Rg8 28. f3 Bg5 29. Qf2 Nd7 30. Be4 Bf4 31. Bxb7+ Kxb7 32. Qxh4 1-0

[Event "Regionalliga Nord-West 1718"]
[Site "Bayern"]
[Date "2017.11.26"]
[Round "3.2"]
[White "Wilfert, Andre"]
[Black "Hertel, Hans"]
[Result "1/2-1/2"]
[WhiteElo "2067"]
[BlackElo "1946"]
[PlyCount "85"]
[EventDate "2017.10.22"]
[EventType "team-tourn"]
[EventRounds "9"]
[EventCountry "GER"]
[SourceTitle "EXT 2022"]
[Source "ChessBase"]
[SourceDate "2021.10.06"]
[SourceVersion "1"]
[SourceVersionDate "2021.10.06"]
[SourceQuality "1"]
[WhiteTeam "Marktleuthen"]
[BlackTeam "Hof PTSV"]
[WhiteTeamCountry "GER"]
[BlackTeamCountry "GER"]

1. d4 d5 2. c4 c6 3. Nc3 e6 4. cxd5 exd5 5. Nf3 Nf6 6. g3 Bd6 7. Bg2 Nbd7 8. 0-0 0-0 9. Re1 Re8 10. e4 Nxe4 11. Nxe4 dxe4 12. Ng5 Nf6 13. Qb3 Qc7 14. Nxe4 Nxe4 15. Bxe4 Be6 16. Qc2 h6 17. Bd2 Rad8 18. Bc3 Be7 19. Rad1 Bf6 20. b3 Qb6 21. Qd2 Qc7 22. Ba5 b6 23. Bc3 Re7 24. Qe3 Bd5 25. Qf3 Bxe4 26. Rxe4 Rxe4 27. Qxe4 c5 28. Rd3 Qd7 29. d5 Bxc3 30. Rxc3 Qxd5 31. Qe7 Qg5 32. Re3 Qxe7 33. Rxe7 a5 34. Rb7 Rd6 35. Kg2 Rf6 36. h4 h5 37. f3 Kf8 38. Kf2 Ke8 39. Ke3 Kd8 40. Ke4 Kc8 41. Ra7 Re6+ 42. Kd5 Rf6 43. f4 1/2-1/2

[Event "Regionalliga Nord-West 1718"]
[Site "Bayern"]
[Date "2017.10.22"]
[Round "1.2"]
[White "Wilfert, Andre"]
[Black "Kliche, Alexander"]
[Result "0-1"]
[WhiteElo "2067"]
[BlackElo "2210"]
[PlyCount "80"]
[EventDate "2017.10.22"]
[EventType "team-tourn"]
[EventRounds "9"]
[EventCountry "GER"]
[SourceTitle "EXT 2022"]
[Source "ChessBase"]
[SourceDate "2021.10.06"]
[SourceVersion "1"]
[SourceVersionDate "2021.10.06"]
[SourceQuality "1"]
[WhiteTeam "Marktleuthen"]
[BlackTeam "Kitzingen SC"]
[WhiteTeamCountry "GER"]
[BlackTeamCountry "GER"]

1. Nf3 d5 2. d4 Nc6 3. e3 Bg4 4. Be2 Nf6 5. Ne5 Bxe2 6. Qxe2 Nxe5 7. dxe5 Nd7 8. Qb5 e6 9. 0-0 Rb8 10. f4 c6 11. Qe2 Bc5 12. Nd2 0-0 13. Nb3 f6 14. Nd4 Qe7 15. exf6 Rxf6 16. f5 exf5 17. Nxf5 Qe5 18. Qg4 Rg6 19. Qf4 Rf8 20. Qxe5 Nxe5 21. Ng3 Nc4 22. Rxf8+ Kxf8 23. Nf1 d4 24. exd4 Bxd4+ 25. Kh1 Re6 26. Bg5 Bxb2 27. Rd1 Re2 28. Nd2 Nxd2 29. Bxd2 Ke7 30. h3 Ke6 31. c4 Be5 32. Kg1 Bd4+ 33. Kh2 c5 34. Kg3 Ke5 35. Kf3 Rf2+ 36. Kg3 Ke4 37. a4 Re2 38. Be1 Be5+ 39. Kh4 Rxg2 40. Rd5 g6 0-1

[Event "Bayern-ch"]
[Site "Rosenheim"]
[Date "2017.08.25"]
[Round "8"]
[White "Parashchenko, Oleg"]
[Black "Wilfert, Andre"]
[Result "1-0"]
[WhiteElo "2139"]
[BlackElo "2068"]
[PlyCount "55"]
[EventDate "2017.08.20"]
[EventType "swiss"]
[EventRounds "9"]
[EventCountry "GER"]
[SourceTitle "EXT 2019"]
[Source "ChessBase"]
[SourceDate "2018.10.10"]
[SourceVersion "1"]
[SourceVersionDate "2018.10.10"]
[SourceQuality "1"]

1. e4 c5 2. Nf3 e6 3. d4 cxd4 4. Nxd4 a6 5. Bd3 Qc7 6. 0-0 Nf6 7. Nc3 Nc6 8. Be3 d6 9. f4 Nxd4 10. Bxd4 e5 11. Be3 Ng4 12. Nd5 Qd8 13. Bb6 Qh4 14. h3 h5 15. Qe1 Qxe1 16. Raxe1 Kd7 17. hxg4 Kc6 18. g5 Be6 19. Be3 g6 20. Nb6 Rd8 21. f5 gxf5 22. exf5 Bd7 23. Be4+ Kc7 24. Nxd7 Rxd7 25. Bd5 Be7 26. a4 Bd8 27. g6 f6 28. Bf7 1-0

[Event "Bayern-ch"]
[Site "Rosenheim"]
[Date "2017.08.23"]
[Round "6"]
[White "Wilfert, Andre"]
[Black "Heimrath, Reiner"]
[Result "0-1"]
[WhiteElo "2068"]
[BlackElo "2231"]
[PlyCount "150"]
[EventDate "2017.08.20"]
[EventType "swiss"]
[EventRounds "9"]
[EventCountry "GER"]
[SourceTitle "EXT 2019"]
[Source "ChessBase"]
[SourceDate "2018.10.10"]
[SourceVersion "1"]
[SourceVersionDate "2018.10.10"]
[SourceQuality "1"]

1. Nf3 Nf6 2. d4 g6 3. g3 Bg7 4. Bg2 0-0 5. 0-0 d6 6. Nc3 Nbd7 7. e4 e5 8. dxe5 dxe5 9. Bg5 h6 10. Bxf6 Qxf6 11. Nd5 Qd8 12. Ne3 Nb6 13. Qe2 c6 14. a4 a5 15. Rfd1 Qe7 16. Nc4 Nxc4 17. Qxc4 Be6 18. Qc3 Qb4 19. Qxb4 axb4 20. b3 Rfd8 21. Kf1 Rdc8 22. Nd2 Ra5 23. Bf3 Rc5 24. Ra2 Ra8 25. Be2 Rca5 26. Nc4 R5a6 27. Nb2 R6a7 28. Raa1 Bf8 29. Nc4 Re8 30. Nd6 Rd8 31. Nc4 Rd4 32. Rxd4 exd4 33. f4 f5 34. e5 Bc5 35. Bd3 Kf7 36. Ke2 Ra8 37. Rg1 Ke7 38. Nd2 Rg8 39. Kf1 g5 40. Nc4 Bd5 41. Nd2 Ke6 42. g4 fxg4 43. Rxg4 Rf8 44. f5+ Kxe5 45. h4 Be7 46. hxg5 Bxg5 47. Nc4+ Bxc4 48. bxc4 c5 49. Re4+ Kd6 50. Re6+ Kc7 51. Rg6 Ra8 52. Be4 Rxa4 53. f6 Ra8 54. Rg7+ Kd6 55. Rxb7 Ra1+ 56. Kf2 Bxf6 57. Rb6+ Ke5 58. Bd3 h5 59. Rc6 Be7 60. Rc7 Kd6 61. Rc8 Ra3 62. Rb8 h4 63. Kg2 Ra1 64. Rg8 Re1 65. Rg7 Re3 66. Bf5 Ke5 67. Bd3 h3+ 68. Kh2 Bd6 69. Rh7 Kf6+ 70. Kg1 h2+ 71. Kg2 b3 72. Rh6+ Ke7 73. Rh7+ Kf8 74. Rh8+ Kg7 75. Rh7+ Kg8 0-1

[Event "Bayern-ch"]
[Site "Rosenheim"]
[Date "2017.08.22"]
[Round "4"]
[White "Baeuml, Ulrich"]
[Black "Wilfert, Andre"]
[Result "0-1"]
[WhiteElo "2098"]
[BlackElo "2068"]
[PlyCount "82"]
[EventDate "2017.08.20"]
[EventType "swiss"]
[EventRounds "9"]
[EventCountry "GER"]
[SourceTitle "EXT 2019"]
[Source "ChessBase"]
[SourceDate "2018.10.10"]
[SourceVersion "1"]
[SourceVersionDate "2018.10.10"]
[SourceQuality "1"]

1. Nf3 d5 2. c4 c6 3. g3 Nf6 4. Qc2 g6 5. Bg2 Bg7 6. 0-0 0-0 7. d3 dxc4 8. Qxc4 Be6 9. Qb4 Nd5 10. Qa3 a5 11. Bd2 b5 12. Ng5 b4 13. Qb3 a4 14. Qc4 Bxb2 15. Qh4 h5 16. Be4 Qd7 17. f4 f5 18. g4 fxe4 19. gxh5 Bf5 20. hxg6 Bxg6 21. dxe4 Nf6 22. f5 Bh7 23. Ne6 Kh8 24. Nxf8 Qd4+ 25. Rf2 Qxe4 26. Rf4 Bd4+ 27. e3 Bxe3+ 28. Bxe3 Qxe3+ 29. Qf2 Qc1+ 30. Kg2 Nbd7 31. Ng6+ Bxg6 32. fxg6 Ra5 33. h4 Rc5 34. Rd4 Rc2 35. Rd2 Rc4 36. Rxd7 Nxd7 37. Nd2 Rg4+ 38. Kh3 Qxa1 39. Kxg4 Qxa2 40. Qd4+ Nf6+ 41. Kh3 Qe6+ 0-1

[Event "Bayern-ch"]
[Site "Rosenheim"]
[Date "2017.08.21"]
[Round "3"]
[White "Wilfert, Andre"]
[Black "Kleibel, Uwe"]
[Result "1/2-1/2"]
[WhiteElo "2068"]
[BlackElo "2187"]
[PlyCount "55"]
[EventDate "2017.08.20"]
[EventType "swiss"]
[EventRounds "9"]
[EventCountry "GER"]
[SourceTitle "EXT 2019"]
[Source "ChessBase"]
[SourceDate "2018.10.10"]
[SourceVersion "1"]
[SourceVersionDate "2018.10.10"]
[SourceQuality "1"]

1. Nf3 d6 2. e4 Nf6 3. Nc3 c6 4. d4 Bg4 5. Be2 e6 6. h3 Bh5 7. 0-0 d5 8. exd5 cxd5 9. Bf4 Nc6 10. Nb5 Rc8 11. Ne5 Bxe2 12. Qxe2 a6 13. Nxc6 Rxc6 14. Nc3 Qb6 15. Rab1 Qxd4 16. Be5 Qc4 17. Qe3 Be7 18. Qa7 Qb4 19. Bd4 0-0 20. a3 Qd6 21. Qxb7 Rb8 22. Qa7 Nd7 23. Be3 Bf6 24. Ne4 Qc7 25. Nxf6+ gxf6 26. Qxc7 Rxc7 27. Rfc1 Kf8 28. Bd2 1/2-1/2

[Event "Landesliga Nord 1617"]
[Site "Bayern"]
[Date "2017.01.15"]
[Round "4.6"]
[White "Wilfert, Andre"]
[Black "Tiller, Jaroslav"]
[Result "1/2-1/2"]
[WhiteElo "2044"]
[BlackElo "1998"]
[PlyCount "111"]
[EventDate "2016.10.16"]
[EventType "team-tourn"]
[EventRounds "9"]
[EventCountry "GER"]
[SourceTitle "EXT 2019"]
[Source "ChessBase"]
[SourceDate "2018.10.10"]
[SourceVersion "1"]
[SourceVersionDate "2018.10.10"]
[SourceQuality "1"]
[WhiteTeam "Marktleuthen"]
[BlackTeam "Bindlach Aktionaer II"]
[WhiteTeamCountry "GER"]
[BlackTeamCountry "GER"]

1. Nf3 Nf6 2. d4 d6 3. Nc3 Bf5 4. e3 Nbd7 5. Bd3 Bxd3 6. Qxd3 c6 7. e4 e5 8. 0-0 Qc7 9. a4 Be7 10. h3 0-0 11. Nh4 g6 12. Bh6 Rfe8 13. f4 exd4 14. Ne2 Nxe4 15. Nf3 Ndc5 16. Qc4 d5 17. Qxd4 Bf6 18. Qb4 a5 19. Qa3 Qb6 20. Ne5 Nd3+ 21. Kh1 Nxe5 22. fxe5 Bxe5 23. Qf3 Re7 24. Rab1 Rae8 25. c3 Bg7 26. Bxg7 Kxg7 27. Ng3 f5 28. Nxe4 Rxe4 29. Qg3 Kh8 30. b4 axb4 31. cxb4 Qd4 32. Qc7 R4e7 33. Qd6 Qe5 34. Qc5 Qe3 35. Qd6 Qe6 36. Qc5 Qe3 37. Qd6 Qe5 38. Qc5 d4 39. Qc4 Qd6 40. b5 cxb5 41. Qxb5 Qd7 42. Qb2 Qd5 43. Rfd1 Rd7 44. Rd3 Re4 45. Rb3 Rde7 46. Rb5 Qd6 47. Qf2 Re2 48. Qg1 R7e3 49. R5b2 Qd5 50. Rxe2 Rxe2 51. Qc1 Qe6 52. Qc5 Qf6 53. Rxb7 Re1+ 54. Kh2 Qe5+ 55. Qxe5+ Rxe5 56. Rd7 1/2-1/2

[Event "Oberfranken-ch"]
[Site "Schney"]
[Date "2017.01.05"]
[Round "6"]
[White "Wilfert, Andre"]
[Black "Daum, Matthias"]
[Result "1-0"]
[WhiteElo "2065"]
[BlackElo "1923"]
[PlyCount "43"]
[EventDate "2017.01.03"]
[EventType "swiss"]
[EventRounds "7"]
[EventCountry "GER"]
[SourceTitle "CBM 176 Extra"]
[Source "ChessBase"]
[SourceDate "2017.03.02"]
[SourceVersion "1"]
[SourceVersionDate "2017.03.02"]
[SourceQuality "1"]

1. Nf3 c5 2. e3 Nf6 3. d4 d5 4. c3 Bg4 5. h3 Bh5 6. g4 Bg6 7. Ne5 Nbd7 8. Na3 a6 9. h4 h6 10. Nxg6 fxg6 11. Bd3 Kf7 12. Qc2 e5 13. Bxg6+ Kg8 14. Qf5 Qe7 15. Nc2 exd4 16. cxd4 cxd4 17. Nxd4 Qe5 18. Bd2 Qxf5 19. Bxf5 Ne5 20. Ne6 Bd6 21. g5 hxg5 22. Nxg5 1-0

[Event "Oberfranken-ch"]
[Site "Schney"]
[Date "2017.01.03"]
[Round "2"]
[White "Wilfert, Andre"]
[Black "Voigt, Uwe"]
[Result "1-0"]
[WhiteElo "2065"]
[BlackElo "1860"]
[PlyCount "65"]
[EventDate "2017.01.03"]
[EventType "swiss"]
[EventRounds "7"]
[EventCountry "GER"]
[SourceTitle "CBM 176 Extra"]
[Source "ChessBase"]
[SourceDate "2017.03.02"]
[SourceVersion "1"]
[SourceVersionDate "2017.03.02"]
[SourceQuality "1"]

1. Nf3 g6 2. e4 Bg7 3. d4 d6 4. Bc4 Nf6 5. Nc3 0-0 6. Qe2 Bg4 7. e5 Ne8 8. Qe4 Bxf3 9. gxf3 c6 10. Qe3 d5 11. Bd3 e6 12. Ne2 Nd7 13. Bd2 c5 14. c3 c4 15. Bc2 Qh4 16. Nf4 Bh6 17. Nxg6 fxg6 18. Qxh6 Qxh6 19. Bxh6 Rxf3 20. h4 Ng7 21. Ba4 Nb6 22. Bd1 Rf7 23. Bg4 Nf5 24. Bd2 h5 25. Bh3 Kh7 26. Ke2 Raf8 27. Bg5 Na4 28. Rab1 Nxd4+ 29. cxd4 Rxf2+ 30. Ke1 Nxb2 31. Bf1 c3 32. Be2 c2 33. Rxb2 1-0

[Event "Landesliga Nord 1617"]
[Site "Bayern"]
[Date "2016.10.16"]
[Round "1.5"]
[White "Seibold, Hubert"]
[Black "Wilfert, Andre"]
[Result "1-0"]
[WhiteElo "2042"]
[BlackElo "2044"]
[PlyCount "115"]
[EventDate "2016.10.16"]
[EventType "team-tourn"]
[EventRounds "9"]
[EventCountry "GER"]
[SourceTitle "EXT 2019"]
[Source "ChessBase"]
[SourceDate "2018.10.10"]
[SourceVersion "1"]
[SourceVersionDate "2018.10.10"]
[SourceQuality "1"]
[WhiteTeam "Zirndorf"]
[BlackTeam "Marktleuthen"]
[WhiteTeamCountry "GER"]
[BlackTeamCountry "GER"]

1. e4 c5 2. Nf3 e6 3. d4 cxd4 4. Nxd4 a6 5. Bd3 Qc7 6. 0-0 Nf6 7. c4 Nc6 8. Nxc6 dxc6 9. Nc3 e5 10. h3 Be7 11. Be3 0-0 12. Na4 b5 13. Nb6 Rb8 14. Nxc8 Rfxc8 15. b3 Rd8 16. Qc2 Nd7 17. Rfc1 Ba3 18. Rd1 Bc5 19. Bxc5 Nxc5 20. cxb5 Nxd3 21. Rxd3 Rxd3 22. Qxd3 cxb5 23. Rd1 h6 24. Qd6 Qxd6 25. Rxd6 Ra8 26. Rb6 Kf8 27. a4 bxa4 28. bxa4 h5 29. a5 Ra7 30. Kf1 Ke7 31. Ke2 g6 32. Kf3 Kf8 33. Ke3 Ke7 34. g3 Ra8 35. h4 Ra7 36. f4 exf4+ 37. gxf4 f6 38. e5 fxe5 39. fxe5 Kf7 40. Kf4 Rc7 41. Rf6+ Kg7 42. Kg5 Rc5 43. Rxg6+ Kf7 44. Rf6+ Kg7 45. Rg6+ Kf7 46. Rxa6 Rxe5+ 47. Kh6 Rc5 48. Ra7+ Kf6 49. a6 Ra5 50. Rg7 Ra4 51. Rg6+ Ke7 52. Kxh5 Kf7 53. Rb6 Kg7 54. Kg5 Ra5+ 55. Kf4 Ra4+ 56. Ke5 Rxh4 57. Rb7+ Kf8 58. a7 1-0

[Event "Bayern-ch"]
[Site "Bad Griesbach"]
[Date "2016.08.24"]
[Round "5"]
[White "Basener, Winfried"]
[Black "Wilfert, Andre"]
[Result "0-1"]
[WhiteElo "2115"]
[BlackElo "2031"]
[PlyCount "122"]
[EventDate "2016.08.21"]
[EventType "swiss"]
[EventRounds "9"]
[EventCountry "GER"]
[SourceTitle "EXT 2022"]
[Source "ChessBase"]
[SourceDate "2021.10.06"]
[SourceVersion "1"]
[SourceVersionDate "2021.10.06"]
[SourceQuality "1"]

1. e4 e5 2. Nf3 Nc6 3. Bb5 a6 4. Ba4 b5 5. Bb3 Nf6 6. 0-0 Be7 7. Qe2 0-0 8. c3 d6 9. h3 Na5 10. Bc2 c5 11. d3 Bb7 12. Re1 Nc6 13. Nbd2 Re8 14. Nf1 Bf8 15. N3h2 d5 16. Ng4 Nxg4 17. hxg4 dxe4 18. dxe4 Be7 19. Rd1 Qc8 20. a4 b4 21. Ne3 Na5 22. Nd5 b3 23. Bb1 c4 24. Be3 Qc6 25. Nxe7+ Rxe7 26. Rd5 Qc7 27. Rxa5 Qxa5 28. Qxc4 Qd8 29. Qxb3 Bc8 30. Qd5 Rd7 31. Ba2 Rxd5 32. Bxd5 Rb8 33. b4 Be6 34. Rd1 Bxd5 35. exd5 Rc8 36. Bc5 Qd7 37. d6 Qxa4 38. Rd2 Qd7 39. f3 f6 40. Ra2 Qc6 41. Rd2 Rd8 42. Ra2 Kf7 43. Kf2 Ke6 44. c4 Ra8 45. Ra5 Kd7 46. Ke3 Re8 47. Ra2 g6 48. Ra1 f5 49. Rh1 f4+ 50. Kd2 Rh8 51. Re1 Qa4 52. Rxe5 Re8 53. Rxe8 Kxe8 54. Kd3 Qa2 55. Bd4 Qxg2 56. Ke4 Qe2+ 57. Kd5 Kd7 58. b5 axb5 59. cxb5 Qxb5+ 60. Ke4 g5 61. Be5 Ke6 0-1